[Event "Caorle op"]
[Site "Caorle"]
[Date "1982.??.??"]
[Round "3"]
[White "Sartori, Spartaco"]
[Black "Cugini, Werter"]
[Result "1-0"]
[WhiteElo "2215"]
[BlackElo "2170"]

1.c4 e6 2.Nf3 d5 3.d4 Nf6 4.Nc3 c6 5.e3 Nbd7 6.Bd3 dxc4 7.Bxc4 b5 8.Bd3 a6
9.e4 c5 10.d5 Nb6 11.dxe6 Bxe6 12.Qe2 Be7 13.O-O Qc7 14.Ng5 Bc4 15.Bxc4 Nxc4
16.a4 h6 17.Nf3 Qb7 18.axb5 axb5 19.Rxa8+ Qxa8 20.e5 Nd5 21.Nxb5 Qa4 22.Nd6+ Bxd6
23.exd6+ Kd7 24.Qxc4  1-0

[Event "Caorle op"]
[Site "Caorle"]
[Date "1982.??.??"]
[Round "7"]
[White "Sartori, Spartaco"]
[Black "Barlocco, Carlo"]
[Result "1-0"]
[WhiteElo "2215"]
[BlackElo "2070"]

1.c4 c6 2.Nc3 d5 3.d4 e6 4.e3 Nf6 5.Nf3 Nbd7 6.Bd3 Bb4 7.a3 Ba5 8.O-O O-O
9.Qc2 Qe7 10.b3 e5 11.Be2 exd4 12.Nxd4 dxc4 13.Bxc4 Ne5 14.Be2 Bg4 15.f3 Bh5
16.Rd1 Bg6 17.e4 Rfd8 18.Bb2 Rd7 19.Na4 Bb6 20.Nxb6 axb6 21.a4 Nd5 22.Qd2 Nc7
23.Qc3 f6 24.f4 c5 25.fxe5 cxd4 26.Rxd4 Rxd4 27.Qxd4 fxe5 28.Bc4+ Kh8 29.Qxe5 Qxe5
30.Bxe5 Na6 31.Bd5 Nc5 32.Bd4 Bxe4 33.Bxe4 Nxe4 34.Re1 Nc5 35.b4 Nd7 36.Re7 Nf6
37.Rxb7 Rxa4 38.Rxb6 Kg8 39.Rb7 Ra2 40.b5 Rd2 41.Bxf6 gxf6 42.h3 h5 43.h4 Rb2
44.Kh2 Rb3 45.b6 Kf8 46.Kg1 Rb2 47.Kf1 Ke8 48.g4 hxg4 49.h5 Kf8 50.h6 Kg8
51.Rg7+ Kh8 52.b7 Rb1+ 53.Kf2 Rb2+ 54.Kg3 Rb3+ 55.Kxg4 f5+ 56.Kg5 f4 57.Rc7  1-0

[Event "Futurity"]
[Site "Chicago"]
[Date "1982.??.??"]
[Round "1"]
[White "Silman, Jeremy D"]
[Black "Kaushansky, Leonid"]
[Result "1/2-1/2"]
[WhiteElo "2355"]
[BlackElo "2200"]

1.d4 d5 2.c4 e6 3.Nc3 c6 4.e3 Nf6 5.Nf3 Bd6 6.Qc2 Nbd7 7.b3 O-O 8.Be2 dxc4
9.bxc4 e5 10.O-O Qe7 11.Bb2 Re8 12.Rae1 e4 13.Nd2 Nf8 14.f3 exf3 15.Bxf3 Qc7
16.g3 Bxg3 17.hxg3 Qxg3+ 18.Bg2 Bh3 19.Nf3 Ng4 20.Nd1 Re6 21.d5 Rh6 22.Re2 Ng6
23.Qe4 cxd5 24.cxd5 Rh5 25.d6 Nh4 26.Qf4 Qxf4 27.exf4 Bxg2 28.d7 Nxf3+ 29.Kxg2 Rh2+
30.Kxf3 Rxe2 31.Kxe2 Rd8 32.Rg1 f5 33.Ne3 Rxd7 34.Nxg4 fxg4 35.Rxg4 g6 36.f5 Kf7
37.f6 h5 38.Re4 g5 39.Ke3 Rc7 40.Re5 Rc2 41.Re7+ Kf8 42.Ba3 Rc3+ 43.Ke4 Rxa3
44.Kf5 g4 45.Kg6 g3 46.Rh7 Ke8 47.f7+ Ke7 48.Rxh5 g2 49.Re5+ Kd7 50.Rg5 Ke7
51.Re5+ Kd7 52.Rg5 Ke7 53.Rxg2 Kf8  1/2-1/2

[Event "Politiken Cup"]
[Site "Copenhagen"]
[Date "1982.??.??"]
[Round "5"]
[White "Jakobsen, Ole"]
[Black "Velikov, Petar"]
[Result "1/2-1/2"]
[WhiteElo "2410"]
[BlackElo "2470"]

1.d4 d5 2.c4 c6 3.Nc3 Nf6 4.e3 e6 5.Nf3 Nbd7 6.Be2 a6 7.O-O dxc4 8.a4 Bd6
9.Bxc4 O-O 10.e4 e5 11.Bg5 Qe7 12.d5 Nb6 13.Bb3 cxd5 14.Nxd5 Nbxd5 15.Bxd5 h6
16.Bxf6 Qxf6 17.Qd3 Rb8 18.h3 a5 19.Rfd1 Bb4 20.Rac1 Qe7 21.Qb5 b6 22.Nxe5 Ba6
23.Qxa6 Qxe5 24.Qe2 Bc5 25.Kh1 Rbd8 26.g3 g5 27.b3 Rd6 28.Rc2 Kh8  1/2-1/2

[Event "Politiken Cup"]
[Site "Copenhagen"]
[Date "1982.??.??"]
[Round "6"]
[White "Jakobsen, Ole"]
[Black "Westerinen, Heikki MJ"]
[Result "1-0"]
[WhiteElo "2410"]
[BlackElo "2440"]

1.d4 d5 2.c4 c6 3.Nc3 Nf6 4.e3 e6 5.Nf3 Nbd7 6.Be2 Bd6 7.O-O O-O 8.b3 Qe7
9.Bb2 dxc4 10.bxc4 e5 11.Qc2 Re8 12.Rae1 e4 13.Nd2 Nf8 14.f3 exf3 15.Bxf3 Qc7
16.h3 Bb4 17.a3 Bxc3 18.Bxc3 Qg3 19.d5 cxd5 20.Bxf6 gxf6 21.Bxd5 f5 22.Nf3 Ng6
23.Qc3 Ne5 24.Qd2 Be6 25.Nxe5 Qxe5 26.e4 fxe4 27.Rxe4 Qg7 28.Qe3 Qg6 29.Bxb7 Rab8
30.Bd5 a5 31.Re1 Kh8 32.Bxe6 fxe6 33.Rg4 Qf6 34.Rf1 Qb2 35.Rf7 Qa1+ 36.Kh2 Rg8
37.Qe4  1-0

[Event "Politiken Cup"]
[Site "Copenhagen"]
[Date "1982.??.??"]
[Round "7"]
[White "Nielsen, Jens Hartung"]
[Black "Spassov, Liuben"]
[Result "0-1"]
[WhiteElo "2240"]
[BlackElo "2410"]

1.d4 Nf6 2.Nf3 e6 3.c4 d5 4.Nc3 c6 5.e3 Nbd7 6.Qc2 Bd6 7.e4 dxe4 8.Nxe4 Nxe4
9.Qxe4 c5 10.Bg5 Be7 11.Bxe7 Qxe7 12.O-O-O cxd4 13.Qxd4 e5 14.Qd5 O-O 15.Bd3 Kh8
16.Rhe1 f6 17.Nd4 Nc5 18.Nb3 Nxd3+ 19.Qxd3 Be6 20.Kb1 Rac8 21.Rc1 Rfd8 22.Qe2 Qf7
23.Nd2 Qg6+ 24.Ka1 Qxg2 25.Ne4 Bf5 26.Ng3 Bd3 27.Qd2 Bg6 28.Qe3 Rd4 29.Red1 Rcd8
30.Rxd4 exd4 31.Qe7 Re8 32.Qd7 Qxf2 33.a3 h6 34.Rd1 Re1 35.Rxe1 Qxe1+ 36.Ka2 Bc2
37.a4 a5 38.Qd8+ Kh7  0-1

[Event "Politiken Cup"]
[Site "Copenhagen"]
[Date "1982.??.??"]
[Round "9"]
[White "Velikov, Petar"]
[Black "Pliester, Leon"]
[Result "0-1"]
[WhiteElo "2470"]
[BlackElo "2315"]

1.d4 d5 2.c4 e6 3.Nc3 c6 4.e3 Nf6 5.Nf3 Nbd7 6.Qc2 Bd6 7.b3 O-O 8.Be2 dxc4
9.bxc4 e5 10.Bb2 Re8 11.O-O Qe7 12.Rae1 b6 13.dxe5 Nxe5 14.Nd4 Neg4 15.h3 Nxe3
16.fxe3 Qxe3+ 17.Rf2 Qxd4 18.Nd5 Bh2+ 19.Kxh2 Qxf2 20.Nxf6+ gxf6 21.Qc1 Re3  0-1

[Event "Eksjo"]
[Site "Eksjo"]
[Date "1982.??.??"]
[Round "2"]
[White "Schussler, Harry"]
[Black "Kirov, Nino"]
[Result "1-0"]
[WhiteElo "2485"]
[BlackElo "2430"]

1.d4 d5 2.c4 c6 3.Nc3 Nf6 4.e3 e6 5.Nf3 Nbd7 6.Qc2 a6 7.e4 dxe4 8.Nxe4 Nxe4
9.Qxe4 Bb4+ 10.Bd2 Bxd2+ 11.Nxd2 c5 12.dxc5 Qc7 13.c6 bxc6 14.Be2 Rb8 15.b3 O-O
16.O-O c5 17.Qe3 Bb7 18.Bf3 Bxf3 19.Nxf3 Rfd8 20.Rad1 Nf6 21.Ne5 Rd6 22.Rd3 Rbd8
23.Rfd1 Rxd3 24.Rxd3 Rxd3 25.Nxd3 Nd7 26.h3 Qd6 27.Kf1 e5 28.Ke2 f5 29.Qg5 Qf6
30.Qxf6 gxf6 31.Kd2 Kf7 32.Kc3 a5 33.Kb2 Ke6 34.Ka3 Kd6 35.Ka4 e4 36.Nf4 Ne5
37.Kxa5 Nd3 38.Ne2 Nxf2 39.Kb6 Nd3 40.a4 f4 41.a5 f3 42.gxf3 exf3 43.Ng3 Nb4
44.a6 Nc6 45.Ne4+ Ke5 46.Nd2 Kd6 47.Nxf3  1-0

[Event "Esbjerg-B"]
[Site "Esbjerg"]
[Date "1982.??.??"]
[Round "9"]
[White "Plaskett, Jim"]
[Black "Brinck Claussen, Bjorn"]
[Result "1/2-1/2"]
[WhiteElo "2405"]
[BlackElo "2380"]

1.d4 Nf6 2.c4 e6 3.Nf3 d5 4.Nc3 c6 5.e3 Nbd7 6.Qc2 Bd6 7.b3 O-O 8.Bb2 Qe7
9.Be2 dxc4 10.bxc4 e5 11.O-O e4 12.Nd2 Re8 13.Rae1 Nf8 14.f3 exf3 15.Bxf3 Ng4
16.Bxg4 Bxg4 17.e4 Ne6 18.Nb3 Rad8 19.Qf2 Bc7 20.Kh1 Bh5 21.d5 Nf4 22.Qd2 Ng6
23.c5 Be5 24.Qf2 Bg4 25.h3 Bc8 26.Re3 Rf8 27.Nd1 cxd5 28.exd5 Rxd5 29.Nc3 Rdd8
30.Nb5 a6 31.Nd6 f6 32.Nd4 Qc7 33.N4f5 Bxf5 34.Nxf5 Qxc5 35.Ba3  1/2-1/2

[Event "Gausdal Int"]
[Site "Gausdal"]
[Date "1982.??.??"]
[Round "4"]
[White "Akesson, Ralf"]
[Black "Dlugy, Maxim"]
[Result "0-1"]
[WhiteElo "2380"]
[BlackElo "2325"]

1.d4 d5 2.c4 e6 3.Nc3 c6 4.e3 Nf6 5.Nf3 Nbd7 6.Qc2 Bd6 7.Bd2 O-O 8.O-O-O e5
9.cxd5 cxd5 10.Nb5 Bb8 11.dxe5 Nxe5 12.Bc3 Qe7 13.Bd4 Rd8 14.Nc3 g6 15.Nxe5 Bxe5
16.Bxe5 Qxe5 17.Rd4 Be6 18.Bd3 a6 19.Qd2 b5 20.h3 Rab8 21.Rd1 b4 22.Ne2 a5
23.f4 Qc7+ 24.Kb1 Bd7 25.g4 Ba4 26.Rc1 Qb6 27.Ng3 Ne8 28.Bf1 Nc7 29.e4 Bc6
30.f5 Rdc8 31.e5 Bb5 32.Bg2 Bc4 33.b3 Nb5 34.Rf4 Nc3+ 35.Kb2 Nxa2 36.Kxa2 Bxb3+
37.Kxb3 a4+ 38.Kb2 a3+ 39.Kb3 Rc3+  0-1

[Event "Gausdal Young Men"]
[Site "Gausdal"]
[Date "1982.??.??"]
[Round "6"]
[White "Agdestein, Simen"]
[Black "Dlugy, Maxim"]
[Result "1-0"]
[WhiteElo "2280"]
[BlackElo "2325"]

1.d4 d5 2.c4 e6 3.Nc3 c6 4.e3 Nf6 5.Nf3 Nbd7 6.Bd3 dxc4 7.Bxc4 b5 8.Bd3 Bb7
9.O-O b4 10.Ne4 Be7 11.Qc2 O-O 12.Ne5 Qb6 13.Nxf6+ Nxf6 14.Nc4 Qc7 15.e4 h6
16.e5 Nd5 17.Qe2 Qd7 18.Qe4 f5 19.exf6 Nxf6 20.Qg6 Qxd4 21.Bxh6 Qg4 22.Bg5 c5
23.Ne3 Qd4 24.Rad1 Qd8 25.Bxf6 Rxf6 26.Qh7+ Kf7 27.Qh5+  1-0

[Event "Bundesliga 8182"]
[Site "Germany"]
[Date "1982.??.??"]
[Round "?"]
[White "Rosin, Wolfgang"]
[Black "Schmidt, Bodo"]
[Result "0-1"]
[WhiteElo "2240"]
[BlackElo "2360"]

1.d4 d5 2.Nf3 Nf6 3.c4 c6 4.Nc3 e6 5.e3 Nbd7 6.Bd3 dxc4 7.Bxc4 b5 8.Bd3 a6
9.O-O c5 10.Qe2 Bb7 11.b3 Be7 12.Rd1 Qb6 13.Bb2 O-O 14.Rac1 Rfd8 15.Ne5 Bd6
16.Nxd7 Rxd7 17.dxc5 Bxc5 18.Bxh7+ Kxh7 19.Rxd7 Nxd7 20.Qh5+ Kg8 21.Ne2 Be7
22.Bd4 Qd8 23.Rd1 e5 24.Ng3 exd4 25.Nf5 Be4 26.Nxd4 Nf6 27.Qh4 Bc5 28.f3 Bb7
29.Qg5 Qd5 30.Qg3 Re8  0-1

[Event "Bundesliga 8182"]
[Site "Germany"]
[Date "1982.??.??"]
[Round "?"]
[White "Hort, Vlastimil"]
[Black "Wockenfuss, Klaus"]
[Result "1-0"]
[WhiteElo "2590"]
[BlackElo "2385"]

1.d4 d5 2.c4 c6 3.Nc3 Nf6 4.Nf3 e6 5.e3 Nbd7 6.Bd3 Bb4 7.O-O O-O 8.Qc2 dxc4
9.Bxc4 Bd6 10.e4 e5 11.Ne2 exd4 12.Nexd4 Ne5 13.Nxe5 Bxe5 14.Nf3 Qe7 15.h3 b6
16.Bg5 h6 17.Bh4 Bb7 18.Rad1 g5 19.Nxe5 Qxe5 20.Bg3 Qxe4 21.Bd3 Qd5 22.Rfe1 Qc5
23.Bc4 Nd5 24.Re6 Qxc4 25.Qxc4 fxe6 26.Qe4 Rf6 27.Be5 Raf8 28.Bxf6 Rxf6 29.Qe5 Kg7
30.Rd3 c5 31.h4 gxh4 32.Rf3 Kg6 33.Qe4+  1-0

[Event "BL2-N"]
[Site "Germany"]
[Date "1982.??.??"]
[Round "?"]
[White "Teschner, Rudolf"]
[Black "Horn, Peter"]
[Result "1/2-1/2"]
[WhiteElo "2375"]
[BlackElo "2250"]

1.d4 Nf6 2.c4 e6 3.Nf3 d5 4.Nc3 c6 5.e3 Nbd7 6.Bd3 dxc4 7.Bxc4 b5 8.Bd3 Bb7
9.O-O b4 10.Ne4 Be7 11.Nxf6+ Nxf6 12.Qe2 c5 13.dxc5 Bxc5 14.e4 Qb6 15.a3 a5
16.axb4 axb4 17.Rxa8+ Bxa8 18.Nd2 O-O 19.Nb3 Be7 20.Be3 Qb8 21.f3 Rd8 22.Rc1 Bd6
23.g3 Nd7 24.Qf2 Ne5 25.Be2 Rc8 26.Rxc8+ Qxc8 27.Bc5 Bb8 28.Qd4 Nc6 29.Qd2 Na5
30.Qxb4 Nxb3 31.Be3 Qb7 32.Qa4 h6 33.Ba6 Qc6 34.Bb5 Qb7 35.Qxb3 Ba7 36.Bxa7 Qxa7+
37.Kg2 g5 38.Qc3 g4 39.Bc6 gxf3+ 40.Kxf3 Bxc6 41.Qxc6 Qg1 42.Qc2 Qf1+ 43.Ke3 Qe1+
44.Kd3 h5 45.Qe2 Qb4 46.Ke3 Qc5+ 47.Kf3 Kh7 48.Qe3 Qb5 49.Qe2 Qb4 50.Kg2 Kg6
51.Qc2 Qb5 52.b3 Qb4  1/2-1/2

[Event "Bundesliga 8182"]
[Site "Germany"]
[Date "1982.??.??"]
[Round "?"]
[White "Bachmann, Karlheinz"]
[Black "Lehmann, Heinz Dr"]
[Result "1/2-1/2"]
[WhiteElo "2295"]
[BlackElo "2335"]

1.Nf3 Nf6 2.c4 e6 3.Nc3 d5 4.d4 c6 5.e3 Nbd7 6.Bd3 Bb4 7.O-O O-O 8.Qc2 Qe7
9.a3 Bd6 10.e4 dxc4 11.Bxc4 e5 12.h3 exd4 13.Nxd4 Nb6 14.Bd3 Rd8 15.Nf3 Nbd7
16.Re1 Ne5 17.Nxe5 Bxe5 18.Be3 Nh5 19.Rad1 Be6 20.Bf1 Qc7 21.Ne2 Nf4 22.Nd4 Bxd4
23.Bxd4 Ng6 24.g3 f6 25.f4 Bf7 26.b4 Nf8 27.Qf2 b6 28.Rc1 Qd6 29.Ba1 Ne6
30.e5 fxe5 31.Bxe5 Qd7 32.Bg2 Rac8 33.f5 Nd4 34.Bxd4 Qxd4 35.Rxc6 Rxc6 36.Bxc6 Qc3
37.b5 Qxa3 38.Kh2 Qc3 39.Re2 a5 40.Qxb6 Qd3 41.Qe3 a4 42.Qxd3 Rxd3 43.b6 Rb3
44.b7 Kf8 45.Rd2 a3 46.Rd8+ Ke7 47.b8=Q Rxb8 48.Rxb8 Kd6 49.Bg2 Kc5 50.Ra8 Kb4
51.g4 Bb3 52.g5 a2 53.Rxa2 Bxa2 54.Kg3 Kc5 55.Kf4 Kd6 56.h4 Ke7 57.Ke5 Bf7
58.Bd5 Bh5 59.Kf4 Kd6 60.Bf3 Be8 61.h5 Ke7 62.h6 gxh6 63.f6+ Kf7 64.Bd5+ Kg6
65.Be4+ Kf7 66.gxh6 Kxf6 67.Bxh7 Bg6 68.Bxg6 Kxg6 69.h7 Kxh7  1/2-1/2

[Event "Bundesliga 8182"]
[Site "Germany"]
[Date "1982.??.??"]
[Round "?"]
[White "Schuh, Hubert"]
[Black "Schmidt, Bodo"]
[Result "1/2-1/2"]
[WhiteElo "2305"]
[BlackElo "2360"]

1.d4 d5 2.c4 c6 3.Nf3 Nf6 4.Nc3 e6 5.e3 Nbd7 6.Qc2 Bd6 7.Bd2 O-O 8.O-O-O b6
9.e4 Bb4 10.e5 Bxc3 11.Bxc3 Ne4 12.Bd3 Nxc3 13.Qxc3 Ba6 14.Kb1 Bxc4 15.Bxc4 dxc4
16.Qxc4 Rc8 17.Rhe1 Nb8 18.Nd2 Qd5 19.Qxd5 cxd5 20.Nf1 Rc7 21.Ne3 f5 22.exf6 gxf6
23.f4 f5 24.g4 fxg4 25.Nxg4 h5 26.Ne5 Rxf4 27.Rc1 Na6 28.Rg1+ Kh7 29.Rcf1 Rxf1+
30.Rxf1 Rg7 31.h4 Nc7 32.a4 Ne8 33.Nf7 Rg4 34.Ng5+ Kh6 35.Rf8 Rxh4 36.Nxe6 Ng7
37.Rf6+ Kh7 38.Ng5+ Kg8 39.Rd6 Rh1+ 40.Ka2 Nf5 41.Rg6+ Kh8 42.Ne6 h4 43.Nf4 Ne7
44.Re6 Rf1 45.Rh6+ Kg7 46.Rxh4 Ng6 47.Nxg6 Kxg6 48.Kb3 a5 49.Rh8 Rf3+ 50.Kc2  1/2-1/2

[Event "Havana"]
[Site "Havana"]
[Date "1982.??.??"]
[Round "1"]
[White "Pfleger, Helmut"]
[Black "Vera, Reynaldo"]
[Result "1-0"]
[WhiteElo "2500"]
[BlackElo "2430"]

1.c4 e6 2.d4 d5 3.Nc3 c6 4.e3 Nf6 5.Nf3 Nbd7 6.Bd3 dxc4 7.Bxc4 b5 8.Bd3 a6
9.a4 b4 10.Ne2 c5 11.O-O Bb7 12.Ng3 Be7 13.b3 h5 14.h3 cxd4 15.Nxd4 g5 16.Be2 g4
17.hxg4 hxg4 18.Bb2 Qa5 19.Bxg4 Nxg4 20.Qxg4 Nf6 21.Qe2 Qd5 22.e4 Nxe4 23.Nxe4 Qxe4
24.Qxe4 Bxe4 25.Nxe6 Rg8 26.Nf4 Rg4 27.g3 O-O-O 28.Rfd1 Rgg8 29.Be5 Kb7 30.Rac1 Rxd1+
31.Rxd1 Rd8 32.Rxd8 Bxd8 33.Ne2 Kc6 34.Kf1 Kd5 35.Bg7 Bd3 36.Ke1 Ke4 37.Kd2 Bxe2
38.Kxe2 f5 39.f3+ Kd5 40.Kd3 Be7 41.g4 fxg4 42.fxg4 Bg5 43.Bf8 a5 44.Bg7  1-0

[Event "Hong Kong zt qual"]
[Site "Hong Kong"]
[Date "1982.??.??"]
[Round "?"]
[White "Goh Cheng Hong"]
[Black "Mascarinas, Rico"]
[Result "1/2-1/2"]
[WhiteElo "2355"]
[BlackElo "2395"]

1.c4 Nf6 2.Nc3 e6 3.Nf3 d5 4.e3 c6 5.d4 Nbd7 6.Qc2 Bd6 7.b3 O-O 8.Be2 dxc4
9.bxc4 e5 10.Bb2 Re8 11.O-O Qc7 12.h3 b6 13.Rfe1 a6 14.a4 Rb8 15.Ba3 Bxa3
16.Rxa3 exd4 17.exd4 b5 18.axb5 cxb5 19.Raa1 bxc4 20.Na4 Bb7 21.Rec1 Qd6
22.Qxc4 Bxf3 23.Bxf3  1/2-1/2

[Event "Luzern ol (Men)"]
[Site "Luzern"]
[Date "1982.??.??"]
[Round "4"]
[White "Rodas Martini, Pablo"]
[Black "Passerotti, Pierluigi"]
[Result "1/2-1/2"]
[WhiteElo "2340"]
[BlackElo "2335"]

1.d4 Nf6 2.c4 e6 3.Nf3 d5 4.Nc3 c6 5.e3 Nbd7 6.Qc2 a6 7.Bd2 dxc4 8.Bxc4 b5
9.Bd3 c5 10.a4 b4 11.Ne4 cxd4 12.Qc6 Rb8 13.Nxf6+ gxf6 14.Bxa6 Bxa6 15.Qxa6 Ra8
16.Qb5 Rb8 17.Qh5 dxe3 18.Bxe3 Nb6 19.Bxb6 Qxb6 20.O-O Bg7 21.a5 Qa7 22.Ra4 O-O
23.b3 Rfd8 24.Qh4 Qc5 25.a6 Rd7 26.Qf4 Qc7 27.Qxc7 Rxc7 28.h4 f5 29.Rd1 Ra7
30.Rd6 Kf8 31.Nd2 Be5 32.Rd3 Ke7 33.Nc4 Bc7 34.g3 Rd8 35.Rxd8 Kxd8 36.Nb2 Bd6
37.Nc4 Bc7 38.Nb2 Bd6  1/2-1/2

[Event "Luzern ol (Men)"]
[Site "Luzern"]
[Date "1982.??.??"]
[Round "6"]
[White "Onat, Ilhan"]
[Black "Fernandez, A."]
[Result "0-1"]
[WhiteElo "2330"]
[BlackElo "2340"]

1.d4 Nf6 2.Nf3 e6 3.c4 d5 4.Nc3 c6 5.e3 Nbd7 6.Bd3 a6 7.O-O dxc4 8.Bxc4 b5
9.Bb3 Bb7 10.Qe2 c5 11.Rd1 Qc7 12.d5 c4 13.dxe6 fxe6 14.Bc2 Bc5 15.Nd4 O-O
16.e4 Qb6 17.Be3 Ne5 18.a4 Neg4 19.a5 Qc7 20.g3 Nxe3 21.fxe3 Qe5 22.b3 cxb3
23.Bxb3 Kh8 24.Bc2 Rad8 25.Qd2 b4 26.Nce2 Nxe4 27.Qd3 Ng5 28.Nf4 Rxd4 29.exd4 Bxd4+
30.Kf1 Rxf4+  0-1

[Event "Luzern ol (Men)"]
[Site "Luzern"]
[Date "1982.??.??"]
[Round "7"]
[White "Torre, Eugenio"]
[Black "Muco, Fatos"]
[Result "1/2-1/2"]
[WhiteElo "2535"]
[BlackElo "2445"]

1.d4 Nf6 2.c4 e6 3.Nc3 d5 4.Nf3 c6 5.e3 Be7 6.Bd3 Nbd7 7.O-O O-O 8.e4 dxe4
9.Nxe4 b6 10.Qe2 Bb7 11.Rd1 Qc7 12.Bg5 Rfe8 13.c5 bxc5 14.dxc5 Nxc5 15.Nxc5 Bxc5
16.Bxf6 gxf6 17.Bxh7+ Kg7 18.Bd3 Rad8 19.Rac1 Be7 20.Rc4 f5 21.Ra4 Ba8 22.Qe3 c5
23.Ne5 Qb7 24.Qg3+ Kf8 25.Re1 Bf6 26.Bf1 Rd4 27.Ra6 Rc8 28.Ng6+ fxg6 29.Rexe6 Bg7
30.Rxg6 Qf7 31.h4 Re8 32.Qg5 Rg4 33.Rxg7 Qxg7 34.Qxf5+ Kg8 35.Bc4+ Rxc4 36.Rg6 Re1+
37.Kh2 Rxh4+ 38.Kg3 Rh7 39.Qc8+ Kf7 40.Qf5+ Kg8 41.Qc8+ Kf7  1/2-1/2

[Event "Luzern ol (Men)"]
[Site "Luzern"]
[Date "1982.??.??"]
[Round "7"]
[White "Partos, Charles"]
[Black "Inkiov, Ventzislav"]
[Result "1-0"]
[WhiteElo "2410"]
[BlackElo "2475"]

1.c4 e6 2.d4 Nf6 3.Nc3 d5 4.Nf3 c6 5.e3 Nbd7 6.Bd3 dxc4 7.Bxc4 b5 8.Bd3 a6
9.e4 c5 10.d5 c4 11.dxe6 fxe6 12.Bc2 Bb7 13.O-O Qc7 14.Qe2 Bc5 15.e5 Ng4
16.Be4 O-O 17.Bxh7+ Kxh7 18.Ng5+ Kg8 19.Qxg4 Qxe5 20.Qxe6+ Qxe6 21.Nxe6 Rf6
22.Nxc5 Nxc5 23.Bg5 Rg6 24.h4 Nd3 25.Rab1 Re8 26.b4 Bc6 27.a3 Nf4 28.f3 Re3
29.Nd1 Ne2+ 30.Kf2 Re8 31.Rb2 Nd4 32.Nc3 Rf8 33.Rc1 Ne6 34.Be3 Nf4 35.Bxf4 Rxf4
36.h5 Rd6 37.Ne2 Rf5 38.Ng3 Rf8 39.Rc3 Rd5 40.Re2 Be8 41.Re6 Bxh5 42.Rxa6 Bf7
43.Ne4 Rfd8 44.Re3 Be8 45.Nc5 Bf7 46.Ra7 Rf5 47.g4 Rfd5 48.Rc7 Rd2+ 49.Kg3 Bd5
50.Ree7 c3 51.Ne6 Bxe6 52.Rxe6 c2 53.Rec6 Rf8 54.Rc3 c1=Q 55.Rxc1 Rd3 56.Rc8 Rxf3+
57.Kh4 Rxa3 58.Rxf8+ Kxf8 59.Rc5 Rd3 60.Rxb5 Rd4 61.Kg5 Kg8 62.Kf5 Kh7 63.g5 Rc4
64.Rb8 g6+ 65.Ke5 Rc7 66.Kd6 Rc1 67.Re8  1-0

[Event "Manila"]
[Site "Manila"]
[Date "1982.??.??"]
[Round "?"]
[White "De Guzman, Ricardo"]
[Black "Sveshnikov, Evgeny"]
[Result "0-1"]
[WhiteElo "2320"]
[BlackElo "2495"]

1.d4 d5 2.c4 e6 3.Nc3 Nf6 4.Nf3 c6 5.e3 Nbd7 6.Bd3 dxc4 7.Bxc4 b5 8.Bb3 b4
9.Ne2 Bb7 10.O-O Bd6 11.Nf4 O-O 12.Qe2 c5 13.Rd1 Qb6 14.d5 Bxf4 15.dxe6 Bxh2+
16.Nxh2 fxe6 17.e4 Ba6 18.Bc4 Bxc4 19.Qxc4 Ne5 20.Qe2 Rad8 21.Bf4 Nc6 22.Nf3 Nd4
23.Nxd4 Rxd4 24.Rxd4 cxd4 25.Rd1 Nd7 26.Qg4 Rf7 27.e5 Nf8 28.Bg3 Rd7 29.Qe4 Qc5
30.Bf4 Qd5 31.Qxd5 Rxd5 32.f3 Ng6 33.Bh2 a5 34.Kf2 h5 35.Rd3 Nxe5 36.Bxe5 Rxe5
37.Rxd4 Rd5 38.Ke3 Rxd4 39.Kxd4 g5 40.Kc4 h4 41.Kd4 Kf7 42.Ke5 Ke7 43.b3 Kf7
44.Kd4 Kf6 45.Ke4 e5 46.Kd3 Kf5 47.Ke3 g4  0-1

[Event "Minsk"]
[Site "Minsk"]
[Date "1982.??.??"]
[Round "?"]
[White "Groszpeter, Attila"]
[Black "Chandler, Murray G"]
[Result "1/2-1/2"]
[WhiteElo "2475"]
[BlackElo "2470"]

1.d4 Nf6 2.c4 e6 3.Nf3 d5 4.Nc3 c6 5.e3 Nbd7 6.Qc2 Bd6 7.b3 O-O 8.Be2 e5
9.cxd5 cxd5 10.Nb5 Bb4+ 11.Bd2 Bxd2+ 12.Nxd2 a6 13.dxe5 Nxe5 14.Nd4 Bd7 15.O-O Rc8
16.Qb2 Ne4 17.Rac1 Qf6 18.f3 Nd6 19.Qa3 Nc6 20.Nxc6 Bxc6 21.Rfe1 d4 22.Nf1 dxe3
23.Nxe3 Rfe8 24.Red1 Rxe3 25.Qxd6 Re6 26.Qd2 h5 27.Bf1 Re1 28.Qxe1 h4 29.h3 Re8
30.Qf2 Re5 31.Rd4 Rh5 32.Qd2 g6  1/2-1/2

[Event "Pamporovo"]
[Site "Pamporovo"]
[Date "1982.??.??"]
[Round "8"]
[White "Radev, Nikolai"]
[Black "Lukov, Valentin"]
[Result "1/2-1/2"]
[WhiteElo "2350"]
[BlackElo "2405"]

1.d4 e6 2.c4 d5 3.Nc3 c6 4.e3 Nf6 5.Nf3 Nbd7 6.Qc2 Bd6 7.Bd2 O-O 8.O-O-O e5
9.cxd5 Nxd5 10.Nxd5 cxd5 11.dxe5 Nxe5 12.Bc3 Qe7 13.Rxd5 f6 14.Nxe5 Bxe5
15.Qe4 Be6 16.Bd3 Rfc8 17.Qxh7+ Kf8 18.Rxe5 fxe5 19.f4 Rxc3+ 20.bxc3  1/2-1/2

[Event "Plovdiv"]
[Site "Plovdiv"]
[Date "1982.??.??"]
[Round "5"]
[White "Commons, Kim S"]
[Black "Inkiov, Ventzislav"]
[Result "1/2-1/2"]
[WhiteElo "2460"]
[BlackElo "2475"]

1.c4 e6 2.Nf3 Nf6 3.d4 d5 4.Nc3 c6 5.e3 Nbd7 6.Qc2 Bd6 7.Bd3 e5 8.cxd5 cxd5
9.Nb5 Bb8 10.dxe5 Nxe5 11.Nxe5 Bxe5 12.Bd2 a6 13.Bc3 Bxc3+ 14.Nxc3 O-O 15.O-O d4
16.Ne4 h6 17.Rad1 dxe3 18.Bxa6 Qe7 19.Nxf6+ Qxf6 20.Bc4 exf2+ 21.Rxf2 Qb6
22.Qb3 Qxb3 23.Bxb3 Be6 24.Bxe6 fxe6 25.Rxf8+ Kxf8 26.Rd7 Rxa2 27.Rxb7 Kg8
28.h4 Kh7 29.Kf2 Kg6 30.g4 Kf6 31.Kf3 Ra1 32.Rb4 Rh1 33.h5 g6 34.Rb5 Rb1
35.Kf4 gxh5 36.gxh5 e5+ 37.Kg4  1/2-1/2

[Event "Plovdiv"]
[Site "Plovdiv"]
[Date "1982.??.??"]
[Round "8"]
[White "Commons, Kim S"]
[Black "Bajovic, Milan"]
[Result "1/2-1/2"]
[WhiteElo "2460"]
[BlackElo "2365"]

1.d4 d5 2.c4 c6 3.Nc3 Nf6 4.e3 e6 5.Nf3 Be7 6.Bd3 Nbd7 7.b3 b6 8.Bb2 Bb7
9.O-O O-O 10.Qe2 Rc8 11.Rad1 Qc7 12.Ne5 dxc4 13.bxc4 Rfd8 14.f4 Nf8 15.Rf3 c5
16.Rh3 cxd4 17.exd4 Qb8 18.d5 exd5 19.Nxd5 Bc5+ 20.Kh1 Bxd5 21.cxd5 Re8 22.Bb5 Re7
23.Rhd3 Bd6 24.Qf3 Bxe5 25.fxe5 Rxe5 26.Bxe5 Qxe5 27.Bc6 Qd6 28.Ra3 Rc7 29.Re1 Re7
30.Rxe7 Qxe7 31.Qe3 Qd6 32.h3 a5 33.Rd3 h5 34.Qxb6 Ng6 35.Rb3 Kh7 36.Qd4 h4
37.Kg1 Nf4 38.Re3 g5 39.Qe5 Qc5 40.Qf5+ Ng6 41.Kf2 Kg7 42.a4 g4 43.Ke2 Qd4
44.hxg4 Nxg4 45.Rf3 N4e5 46.Qf6+  1/2-1/2

[Event "Rubinstein mem"]
[Site "Polanica Zdroj"]
[Date "1982.??.??"]
[Round "7"]
[White "Stempin, Pawel"]
[Black "Vilela, Jose Luis"]
[Result "1-0"]
[WhiteElo "2380"]
[BlackElo "2455"]

1.d4 d5 2.c4 e6 3.Nc3 c6 4.e3 Nf6 5.Nf3 Nbd7 6.Bd3 dxc4 7.Bxc4 b5 8.Bb3 b4
9.Ne2 Bb7 10.O-O Be7 11.Nf4 Qa5 12.Re1 O-O 13.e4 Rfd8 14.Nxe6 fxe6 15.Bxe6+ Kh8
16.Ng5 h6 17.Nf7+ Kh7 18.e5 Ng8 19.Qd3+ g6 20.Qh3 h5 21.Nxd8 Rxd8 22.Bxd7 Qd5
23.Be6 Qxd4 24.Be3 Qd3 25.Bxg8+ Rxg8 26.Rad1 Qa6 27.Rd7 Rg7 28.Qg3 Bc8 29.Rxa7 Qd3
30.e6 Qd5 31.Qf4 c5 32.Qh6+ Kg8 33.Bg5 Bb7 34.Rxb7 Qxb7 35.Bxe7 Qxe7 36.Qe3 g5
37.Qe4 g4 38.a4 bxa3 39.bxa3 h4 40.a4 g3 41.hxg3 hxg3 42.fxg3 Rg5 43.Rd1 c4
44.Qa8+  1-0

[Event "Reykjavik op"]
[Site "Reykjavik"]
[Date "1982.??.??"]
[Round "?"]
[White "Bischoff, Klaus"]
[Black "Westerinen, Heikki MJ"]
[Result "1-0"]
[WhiteElo "2385"]
[BlackElo "2440"]

1.c4 e6 2.Nf3 d5 3.d4 c6 4.Nc3 Nf6 5.e3 Nbd7 6.Qc2 Bd6 7.Bd2 O-O 8.O-O-O e5
9.cxd5 Nxd5 10.Nxd5 cxd5 11.dxe5 Nxe5 12.Bc3 Nxf3 13.gxf3 Be6 14.Rg1 f6 15.Bd3 Rf7
16.Bxh7+ Kf8 17.Bf5 Qc8 18.Rxd5 Be5 19.Bxe6 Qxe6 20.Qe4 Qh3 21.Bb4+ Kg8 22.f4 Bc7
23.Qg6 Qh7 24.Qxh7+ Kxh7 25.Bc3 Re8 26.Rh5+ Kg8 27.Rh6 Re6 28.h4 Bb6 29.Rhg6 Kh7
30.h5 Rc6 31.Kd2 Bc5 32.Ke2 b5 33.f5 b4 34.Be5 Bf8 35.Bd4 Ra6 36.Ra1 Ra5
37.e4 b3 38.a4 Re7 39.Kf3 Ra6 40.h6 Rd7 41.Be3 gxh6 42.Rh1 Kh8 43.Rhg1 Kh7
44.Bxh6 Bxh6 45.Rh1 Rg7 46.Rgxh6+ Kg8 47.Rh8+ Kf7 48.Rb8  1-0

[Event "Rome-B"]
[Site "Rome"]
[Date "1982.??.??"]
[Round "?"]
[White "Iannacone, Ernesto"]
[Black "Passerotti, Pierluigi"]
[Result "1/2-1/2"]
[WhiteElo "2320"]
[BlackElo "2340"]

1.d4 Nf6 2.Nf3 d5 3.c4 e6 4.Nc3 c6 5.e3 Nbd7 6.Qc2 a6 7.e4 dxe4 8.Nxe4 Nxe4
9.Qxe4 Bb4+ 10.Bd2 Bxd2+ 11.Nxd2 c5 12.dxc5 O-O 13.Qe3 Qa5 14.a3 Qxc5 15.Qxc5 Nxc5
16.b4 Nd7 17.Be2 b6 18.O-O-O Bb7 19.Bf3 Ra7 20.Kc2 Rc8 21.Kb3 Ne5 22.Bxb7 Rxb7
23.Rhe1 f6 24.f4 Nd3 25.Rf1 Rd7 26.Ne4 Rcd8 27.Kc3 e5 28.fxe5 Nxe5 29.Nf2 Kf7
30.Rxd7+ Rxd7 31.Rd1 Rc7 32.Rd4 f5 33.Nd3 Nxd3 34.Kxd3 Ke6  1/2-1/2

[Event "DDR-ch (Women) "]
[Site "Salzwedel"]
[Date "1982.??.??"]
[Round "1"]
[White "Kube, Hannelore"]
[Black "Jahn, Constanze"]
[Result "1/2-1/2"]
[WhiteElo "1935"]
[BlackElo "2005"]

1.c4 e6 2.Nc3 d5 3.d4 c6 4.Nf3 Nf6 5.e3 Be7 6.Bd3 dxc4 7.Bxc4 b5 8.Bd3 b4
9.Na4 Ba6 10.O-O O-O 11.Ne5 Bxd3 12.Nxd3 Nbd7 13.b3 Qc7 14.Bb2 Bd6 15.h3 Ne4
16.Rc1 Ndf6 17.Nac5 a5 18.Nxe4 Nxe4 19.Qc2 Rac8 20.Ne5 Bxe5 21.dxe5 f5 22.exf6 Nxf6
23.Bxf6 Rxf6 24.Qc5 Rff8 25.Rc2 Rfd8 26.Rfc1 Rd5 27.Qc4 Qd7 28.Qe2  1/2-1/2